ბათუმის შოთა რუსთაველის სახელმწიფო უნივერსიტეტის ბიბლიოთეკა

Культура русской речи. (ბიბ.ჩანაწერი № 35106)

000 -LEADER
fixed length control field 00618nam a2200229Ia 4500
001 - CONTROL NUMBER
control field 947
003 - CONTROL NUMBER IDENTIFIER
control field GE_BSU
008 - FIXED-LENGTH DATA ELEMENTS--GENERAL INFORMATION
fixed length control field 181216s||||||||xx |||||||||||||| ||und||
020 ## - INTERNATIONAL STANDARD BOOK NUMBER
International Standard Book Number 5891231867
040 ## - CATALOGING SOURCE
Transcribing agency GE_BSU
080 ## - UNIVERSAL DECIMAL CLASSIFICATION NUMBER
Universal Decimal Classification number 808.5(075.8)
245 ## - TITLE STATEMENT
Title Культура русской речи.
245 ## - TITLE STATEMENT
Remainder of title Уч-к для вузов
245 ## - TITLE STATEMENT
Statement of responsibility, etc. Отв.ред. Л.К.Граудина;Е.Н. Ширяев
260 ## - PUBLICATION, DISTRIBUTION, ETC.
Place of publication, distribution, etc. Москва
260 ## - PUBLICATION, DISTRIBUTION, ETC.
Name of publisher, distributor, etc. Норма
260 ## - PUBLICATION, DISTRIBUTION, ETC.
Date of publication, distribution, etc. 2000
300 ## - PHYSICAL DESCRIPTION
Extent 560стр.
653 ## - INDEX TERM--UNCONTROLLED
Uncontrolled term Культура русской речи.
653 ## - INDEX TERM--UNCONTROLLED
Uncontrolled term Русский язык
942 ## - ADDED ENTRY ELEMENTS (KOHA)
Koha item type წიგნი
ეგზემპლარები
Withdrawn status Lost status Damaged status Not for loan Date acquired Barcode Date last seen Price effective from Koha item type
        2018-12-17 1649 2018-12-17 2018-12-17 წიგნი